000 00525nam a2200169 i 4500
001 24127
003 ES-MaACL
005 20230908063132.0
007 t|
008 021216s1845 sp ||||1| spa d
100 1 _aAntequera, José María,
_d1820-1891
_921875
245 1 0 _aLecciones de historia de la Legislación romana /
_cJosé María Antequera.
260 _aMadrid :
_b[s.n.,
_c1845] (
_fImp. Sordos, Mudos y Ciegos)
300 _a296 p. ;
_c19 cm.
852 _aES-MaACL
_jF-12805
999 _c24127
_d24127